Keywords in Java programming language - Statistics

General Stats
  • This quiz has been taken 3,714 times
  • The average score is 25 of 50
Answer Stats
Keywords % Correct
int
90%
do
85%
while
84%
for
83%
if
81%
public
78%
double
75%
private
75%
class
74%
else
73%
boolean
71%
void
71%
float
70%
static
70%
char
68%
long
65%
protected
59%
return
56%
final
55%
break
54%
catch
54%
switch
53%
new
52%
try
52%
import
51%
abstract
50%
case
49%
extends
49%
interface
47%
short
46%
byte
44%
implements
44%
throw
42%
continue
40%
finally
34%
package
34%
enum
33%
goto
33%
const
32%
default
31%
this
31%
super
27%
throws
26%
volatile
25%
assert
21%
instanceof
20%
synchronized
20%
native
16%
transient
13%
strictfp
10%
No matching quizzes found
Score Distribution
Percent of People with Each Score
Percentile by Number Answered
Your Score History
You have not taken this quiz